000 01015cam a2200301 a 4500
001 3583
005 20241209083958.0
020 _a9780545273374
040 _aIMF
_cIMF
_dOCLCQ
_dSPP
_dDLC
_beng
050 0 0 _aQL668.E2
082 _a597.8
100 1 _aZoehfeld, Kathleen Weidner
245 1 0 _aFrom tadpole to frog /
_cby Kathleen Weidner Zoehfeld ; photographs by Dwight Kuhn
250 _aThis edition first printing, January 2011
260 _aNew York :
_bScholastic ,
_c2001
300 _a32 pages :
_bcolor illustrations ;
_c24 cm.
490 1 _aScholastic science readers
_vlevel 1
505 _aM
520 _aText and photographs show a tadpole from a tiny dark speck in a frog egg to a full grown frog.
521 0 _a530
_bRaz-Plus
521 0 _aM
_bRaz-Plus
650 0 _aFrogs
_xLife cycles
_vJuvenile literature
650 1 _aFrogs
650 1 _aTadpoles
700 1 _aKuhn, Dwight
_eillustrator
906 _a7
_bibc
_ccopycat
_d3
_encip
_f20
_gy-gencatlg
942 _2ddc
_cBK
_n0
999 _c3583
_d3583